000 00324nam a2200133Ia 4500
100 _aBerlin/ Howard M.
942 _cBK
654 _acircuits
245 _aFund. of operational amplifiers & linear integrated circuits
260 _bMaxwell Macmillan
_aSingapore
_c1992
300 _a422
546 _aENGLISH
999 _c27135
_d27135